Paroles - En rouge et noir - Jeanne Mas - Statistiques

Statistiques générales
  • Ce quiz a été pris 192 fois
  • Le résultat moyen est 240 sur 338
Statistiques - réponses
Réponse % Correct
Et
100%
et
100%
en
99%
En
99%
rouge
99%
noir
98%
de
95%
Je
95%
je
95%
ma
92%
peau
91%
peu
91%
que
91%
mon
90%
le
89%
peur
88%
ces
85%
douleur
85%
les
85%
montagnes
85%
plus
84%
me
83%
la
81%
haut
79%
à
78%
J'irai
78%
j'irai
78%
mes
75%
Mes
75%
se
75%
su
72%
Si
71%
si
71%
j'ai
70%
J'ai
70%
faiblesses
68%
Tout
68%
qu'elles
66%
voudrais
66%
tellement
65%
Toutes
65%
un
65%
eu
64%
des
62%
J'aurais
62%
j'aurais
62%
moins
62%
s'arrêtent
62%
fois
61%
l'on
61%
serai
61%
au
60%
connais
59%
couleur
59%
m'avait
59%
sur
59%
coeur
58%
conseillé
58%
j'exilerai
58%
Qui
58%
qui
58%
douceur
56%
d'un
55%
pas
55%
tendresse
55%
d'erreurs
54%
par
54%
commis
53%
luttes
53%
devenue
52%
jolie
52%
ne
52%
serais
52%
trop
52%
Trop
52%
dans
50%
suis
49%
tant
49%
chaque
48%
conseillée
48%
mis
48%
joues
47%
échange
45%
l'abri
45%
lèvres
45%
n'ai
45%
vous
45%
chaud
44%
chose
44%
nuit
44%
poussière
44%
vent
44%
autre
43%
rassurer
43%
différent
42%
réclame
42%
d'une
41%
innocence
41%
serait
41%
soigné
40%
veux
40%
yeux
40%
châteaux
39%
réduisaient
39%
renie
39%
seule
39%
aucun
38%
blottie
38%
construit
38%
d'air
38%
fier
38%
longtemps
38%
présent
38%
respiré
38%
souvent
38%
visage
38%
jouer
37%
manquais
37%
mieux
37%
n'avaient
37%
premier
37%
sable
37%
d'indifférence
36%
perdue
36%
colères
35%
deuxième
35%
froids
35%
rôle
35%
trêve
35%
veulent
35%
calmer
33%
prononcé
33%
s'achève
33%
d'hivers
32%
jouerai
32%
raté
32%
grandes
31%
maquillent
31%
noms
31%
pardonner
31%
couru
30%
mensonges
30%
tuaient
30%
forêts
29%
blessée
28%
J'afficherai
25%
j'afficherai
25%
drapeau
15%
Somnambule
11%
Aucun quiz correspondant
Distribution des résultats
% des personnes avec chaque résultat
Percentile par nombre de réponses
Votre historique - résultats
Vous n’avez pas pris ce quiz